LEADER 01236nam a2200205 i 4500 001 000000233910 003 CaOOAMICUS 005 20140930000000.0 008 140930s1932 it u000 u fre u 013 $a212813 040 $aSeMil$bita 245 10$aComment propager nos idées :$bpar la presse. Par le tract et l'affiche. Par le livre. Par les conférences. Par le théâtre. Par le cinéma. Par la radiodiffusion. Par le phonographe. Par la chanson. Manuel pratique à l'usage des hommes d'action. 260 $aParis :$bLibrairie Bloud & Gay,$c1932. 300 $a487 p. ;$c20 cm. 650 4$aComunicazione - Aspetti sociali.$0(OLS)http://semarc/subject/25173 650 4$aChiesa e comunicazione di massa.$0(OLS)http://semarc/subject/40389 850 $aSeMil 852 $aSeMil$W1$xVenegono$y1$m3M II 75$j184256$B184256$CSeMilBibl$Z2$F195208 $81 996 $6245$aComment propager nos idées :$bpar la presse. Par le tract et l'affiche. Par le livre. Par les conférences. Par le théâtre. Par le cinéma. Par la radiodiffusion. Par le phonographe. Par la chanson. Manuel pratique à l'usage des hommes d'action$9(OLS)http://semarc/title/333896 996 $6260$aParis :$bLibrairie Bloud & Gay$9(OLS)http://semarc/publisher/38969 LEADER 00849nas a2200229 i 4500 001 000000240282 003 CaOOAMICUS 005 20150326000000.0 008 150326b1857 xx uu u0 0lat r 013 $a219187 040 $aSeMil$bita 245 10$a1857. 260 $aMilano :$bAgnelli Jacobus Impress. Archiep.,$c1857. 300 $a44 p. ;$c21 cm. 500 $aFondo card. C. M. Martini. 773 0 $tCalendarium Ambrosianum.$dMediolani : Typis Galeatium & filios impressores archiepiscopales, 1800-1969.$w()2075 850 $aSeMil 852 $aSeMil$W1$xVenegono$y1$m203 4 1/58$j190628$B190628$CSeMilBibl$Z2$F201478 $85 941 1 $a4 961 $aLascito: Martini Card. Carlo Maria 996 $6245$a1857$9(OLS)http://semarc/title/276384 996 $6260$aMilano :$bAgnelli Jacobus Impress. Archiep.$9(OLS)http://semarc/publisher/44629 LEADER 01124nam a2200241 i 4500 001 000000183862 003 CaOOAMICUS 005 20091204000000.0 008 091204s1972 be u000 u afa u 013 $a161832 040 $aSeMil$bita 100 1 $aKur, Stanislas.$0(OLS)http://semarc/name/10119 245 10$a[Textus]. 300 $a151 p. 490 0 $aCorpus Scriptorum Christianorum Orientalium ;$v330. Scriptores Aethiopici ; 62 490 0 $aCorpus Scriptorum Christianorum Orientalium. Scriptores Aethiopici ;$v62 773 0 $aKur, Stanislas$tActes de Marha Krestos.$dLouvain : CorpusSCO, 1972.$kCorpus Scriptorum Christianorum Orientalium. Scriptores Aethiopici$w()22585 830 0$aCorpus Scriptorum Christianorum Orientalium ;$v330. Scriptores Aethiopici ; 62.$0(OLS)http://semarc/title/77 830 0$aCorpus Scriptorum Christianorum Orientalium. Scriptores Aethiopici ;$v62.$0(OLS)http://semarc/title/20661 850 $aSeMil 852 $aSeMil$W1$xVenegono$y1$m2S III 330$j134562$B134562$CSeMilBibl$Z2$F146147 $81 961 $aOmaggio: Altro 996 $6245$a[Textus]$9(OLS)http://semarc/title/46827